000 00428nam a2200169Ia 4500
003 GCL
008 140319s9999 xx 000 0 eng d
040 _aGCL /
_cGCL
082 0 4 _a782.23
_bB H
100 1 _aBURROWS, DONALD
245 1 0 _aHANDEL: MESSIAH /
_cBURROWS, DONALD
260 _a[S.N] :
_bCAMBRIBGE UNIVERSITY PRESS
300 _a127 P
650 0 4 _aHANDEL GEORGE
650 0 4 _aFRIEDRIC 1685-1759
942 _2ddc
_cBK
999 _c17528
_d17528